01009nam a2200229 i 4500001000300000245009300003260003200096300003600128490009700164504003400261650005800295700003800353700003000391710006700421830008500488020001500573040000800588041001100596080003300607008004100640856009800681bg00aSymulacyjny model gospodarki Polski /cpod red. Jakuba Gutenbauma i Michała Inkielmana. aWarszawa :bPAN IBS,c1998. a328 s. :brys., wykr. ;c24 cm.1 aBadania Systemowe / Polska Akademia Nauk - Instytut Badań Systemowych,x0208-8029 ;vt. 20 aBibliogr. s. 257-261. - Summ. 9aSymulacjaxstosowaniexgospodarkazPolskayod 1989 r.1 aGutenbaum, Jakubd(1929- ).eRed.1 aINKIELMAN, Michał.eRed. 0aINSTYTUT BADAŃ SYSTEMOWYCH Polskiej Akademii Nauk (Warszawa) 0aBadania Systemowe (Polska Akademia Nauk - Instytut Badań Systemowych) ;vt. 20 a8385847081 cBPK0 aplben a338.27(438)"1989/...":519.87 s pl f |000 0 pol  uhttp://koha.tu.koszalin.pl/cgi-bin/koha/opac-detail.pl?biblionumber=33237yKatalog online BPK